| 000 | 00444nam a22001577a 4500 | ||
|---|---|---|---|
| 999 |
_c41300 _d41300 |
||
| 003 | OSt | ||
| 005 | 20210415121001.0 | ||
| 008 | 210415b ||||| |||| 00| 0 eng d | ||
| 040 | _coclc | ||
| 082 |
_a923.1 _bAHM/T |
||
| 100 |
_98587 _aAhmed, Jameel |
||
| 245 |
_aTippu Sulthan/ _cDr. Jameel Ahmed |
||
| 260 |
_aCalicut: _bPratheeksha Books, _c2019. |
||
| 300 | _a95 pages | ||
| 942 |
_2ddc _cBK _h923.1 _iAHM/T _k923.1 _mAHM/T |
||